Library Hand Book And Index (Record no. 1356595)

MARC details
000 -LEADER
fixed length control field 00587nam a2200253Ia 4500
008 - FIXED-LENGTH DATA ELEMENTS--GENERAL INFORMATION
fixed length control field 160321s9999||||xx |||||||||||||| ||und||
040 ## - CATALOGING SOURCE
Transcribing agency English
082 ## - DEWEY DECIMAL CLASSIFICATION NUMBER
Classification number XV H
082 ## - DEWEY DECIMAL CLASSIFICATION NUMBER
Item number BORI-7586
245 ## - TITLE STATEMENT
Title Library Hand Book And Index
260 ## - PUBLICATION, DISTRIBUTION, ETC. (IMPRINT)
Place of publication, distribution, etc Poona
260 ## - PUBLICATION, DISTRIBUTION, ETC. (IMPRINT)
Name of publisher, distributor, etc R.G. Kanade
260 ## - PUBLICATION, DISTRIBUTION, ETC. (IMPRINT)
Date of publication, distribution, etc 1937
300 ## - PHYSICAL DESCRIPTION
Extent 121
300 ## - PHYSICAL DESCRIPTION
Dimensions A
300 ## - PHYSICAL DESCRIPTION
Accompanying material Paperback
530 ## - ADDITIONAL PHYSICAL FORM AVAILABLE NOTE
Uniform Resource Identifier <a href="00009180.pdf">00009180.pdf</a>
563 ## - BINDING INFORMATION
Binding note Reference
630 ## - SUBJECT ADDED ENTRY--UNIFORM TITLE
Uniform title Library Hand Book And Index
650 ## - SUBJECT ADDED ENTRY--TOPICAL TERM
Topical term or geographic name as entry element Library Science
650 ## - SUBJECT ADDED ENTRY--TOPICAL TERM
Topical term or geographic name as entry element Reference
730 ## - ADDED ENTRY--UNIFORM TITLE
Uniform title Library Hand Book And Index
942 ## - ADDED ENTRY ELEMENTS (KOHA)
Koha item type Book
Holdings
Withdrawn status Lost status Damaged status Not for loan Home library Current library Date acquired Total Checkouts Full call number Barcode Date last seen Price effective from Koha item type
        Bhandarkar Oriental Research Institute, Pune Bhandarkar Oriental Research Institute, Pune 03/21/2016   BORI-7586 BORI-7586 03/21/2016 03/21/2016 Book